000 00362nam a2200133Ia 4500
005 20260326235506.0
008 260326s9999||||xx |||||||||||||| ||und||
100 _aCastrillón Arboleda, Diego
245 0 _aEstilo Popayán (Arquitectura) /
_cDiego Castrillón Arboleda
260 _bEx Libris
300 _a38 p.
650 _aARQUITECTURA REGIONAL
942 _cBK
999 _c8183
_d8183